000 00518nam a22001697a 4500
999 _c8995
_d8995
008 210309b ||||| |||| 00| 0 eng d
040 _aBMS College of Architecture
100 _aSunil, M, A
245 _aUrban entertainment center Mysore
300 _aNA
500 _a1BM09AT022
502 _8B.Arch
_NBMS College of Architecture, Visvesvaraya Technological University (VTU)
_aProject report
_d2013
650 _aMysore
700 _aAjaichandran C K
_eGuide
700 _aBhagyalaxmi M
_eGuide
942 _2ddc
_cTHE